Introducción a la botánica
Kaydedildi:
| Yazar: | |
|---|---|
| Diğer Yazarlar: | |
| Materyal Türü: | Kitap |
| Dil: | Spanish |
| Baskı/Yayın Bilgisi: |
San Francisco : Pearson,
2006
|
| Konular: | |
| Etiketler: |
Etiketle
Etiket eklenmemiş, İlk siz ekleyin!
|
MARC
| LEADER | 00000nam a2200000Ia 4500 | ||
|---|---|---|---|
| 003 | 000378 | ||
| 005 | 20221231144023.0 | ||
| 008 | 140114s2006 sp a 000 ||spa d | ||
| 040 | |c cru CEDI | ||
| 082 | |a 580 N117i | ||
| 100 | |a Nabors, Murray W. |9 19778 | ||
| 245 | |a Introducción a la botánica | ||
| 260 | |a San Francisco : Pearson, |c 2006 | ||
| 300 | |a xxix, 712 páginas : ilustraciones a color. | ||
| 500 | |a Traducción de: Introduction to botany, 1. st. | ||
| 650 | |x BOTANICA - LIBROS DE TEXTO |9 19780 | ||
| 700 | |9 19779 |a González Barreda, Paola |d Traductor/a | ||
| 942 | |2 ddc |c BK | ||
| 999 | |c 15709 |d 15709 | ||
